Problems and Barriers to E-Commerce in Slovakia in the Light of Accelerated Digitization and Post-Covid Recovery of the Economy
Salvato in:
| Autore principale: | |
|---|---|
| Altri autori: | , , |
| Natura: | Capitolo di libro |
| Lingua: | inglese |
| Soggetti: | |
| Tags: |
Nessun Tag, puoi essere il primo ad aggiungerne!!
|
MARC
| LEADER | 00000naa$a2200000$$$4500 | ||
|---|---|---|---|
| 001 | 0303041 | ||
| 005 | 20240711074945.5 | ||
| 041 | 0 | |a eng | |
| 044 | |a SK | ||
| 245 | 1 | 0 | |a Problems and Barriers to E-Commerce in Slovakia in the Light of Accelerated Digitization and Post-Covid Recovery of the Economy |c Zuzana Dzilská, František Pollák, Peter Markovič, Michal Ruschak |
| 610 | 2 | 0 | |a obchod elektronický |
| 610 | 2 | 0 | |a pandémia |
| 610 | 2 | 0 | |a Slovensko |
| 610 | 2 | 0 | |a digitalizácia |
| 610 | 2 | 0 | |a ekonomika |
| 100 | 1 | |a Dzilská, Zuzana, 1994- | |
| 700 | 1 | |a Pollák, František, 1985- | |
| 700 | 1 | |a Markovič, Peter, 1974- | |
| 700 | 1 | |a Ruschak, Michal | |